Chronicling Lost Legacies : Women Collectors, Patrons, and Tastemakers /
Chronicling Lost Legacies enhances our understanding of the evolution of artistic taste and cultural heritage institutions within the U.S., highlighting historical narratives of women art collectors and patrons. Organized chronologically and thematically, it covers figures from colonial times to the...
مؤلفون آخرون: ,
التنسيق: كتاب الكتروني
اللغة: English
منشور في:
Leiden ; Boston :
Brill,
2026.
سلاسل:
Early Modern History and Modern History E-Books online, Collection 2026.
Studies in the History of Collecting & Art Markets ;
22.
الموضوعات:
الوصول للمادة أونلاين: Login to view Source
الوسوم: إضافة وسم
رقم الطلب: D410
| LEADER | 02667nam a22005058i 4500 | ||
|---|---|---|---|
| 001 | BRILL9789004726680 | ||
| 003 | nllekb | ||
| 005 | 20260218222219.0 | ||
| 006 | m d | ||
| 007 | cr un uuuua | ||
| 008 | 251016s2026 gw sb 001 0 eng d | ||
| 020 | |a 9789004726680 |q (electronic book) | ||
| 020 | |z 9789004726673 |q (print) | ||
| 024 | 7 | |a 10.1163/9789004726680 |2 DOI | |
| 040 | |a NL-LeKB |c NL-LeKB |e rda | ||
| 041 | |a eng | ||
| 050 | 4 | |a D410 | |
| 072 | 7 | |a ABQ |2 bicssc | |
| 072 | 7 | |a ART |x 037000 |2 bisacsh | |
| 072 | 7 | |a ART |x 043000 |2 bisacsh | |
| 082 | 0 | 4 | |a 910.82 |2 23 |
| 245 | 1 | 0 | |a Chronicling Lost Legacies : |b Women Collectors, Patrons, and Tastemakers / |c Samantha Deutch and Margaret R. Laster. |
| 246 | 3 | |a Women Collectors, Patrons, and Tastemakers | |
| 264 | 1 | |a Leiden ; |a Boston : |b Brill, |c 2026. | |
| 264 | 4 | |c ©2026 | |
| 300 | |a 1 online resource (256 pages) : |b illustrations. | ||
| 336 | |a text |b txt |2 rdacontent | ||
| 337 | |a computer |b c |2 rdamedia | ||
| 338 | |a online resource |2 rdacarrier | ||
| 490 | 1 | |a Early Modern History and Modern History E-Books online, Collection 2026 | |
| 490 | 1 | |a Studies in the History of Collecting & Art Markets ; |v 22 | |
| 504 | |a Includes bibliographical references and index. | ||
| 520 | |a Chronicling Lost Legacies enhances our understanding of the evolution of artistic taste and cultural heritage institutions within the U.S., highlighting historical narratives of women art collectors and patrons. Organized chronologically and thematically, it covers figures from colonial times to the twentieth century, concluding with insights from feminist historian Laura R. Prieto. The volume illuminates the lives of lesser-known and iconic influential women such as Florence Sloane and Abby Rockefeller, challenging male-dominated narratives and showcasing female agency, resilience, and collecting practices. Ideal for scholars and art enthusiasts, it offers a timely reexamination of the forces that have shaped our cultural institutions. | ||
| 546 | |a English | ||
| 588 | |a Description based on print version record. | ||
| 650 | 0 | |a Art History. | |
| 650 | 0 | |a History. | |
| 700 | 1 | |a Deutch, Samantha, |e editor. | |
| 700 | 1 | |a Laster, Margaret R., |e editor. | |
| 776 | 0 | 8 | |i Print version: |t Chronicling Lost Legacies : Women Collectors, Patrons, and Tastemakers. |d Leiden ; Boston : Brill, 2026. |z 9789004726673 |w (OCoLC)1531258954 |
| 830 | 0 | |a Early Modern History and Modern History E-Books online, Collection 2026. | |
| 830 | 0 | |a Studies in the History of Collecting & Art Markets ; |v 22. | |
| 856 | 4 | |z DOI: |u http://dx.doi.org/10.1163/9789004726680 | |
| 942 | |2 lcc |c EBOOK | ||
| 999 | |c 61871 |d 61871 | ||
